[Event "Oslo Chess International - Håvard Vederhus' memorial"]
[Site "Ullevaal Stadion"]
[Date "2013.09.29"]
[Round "1"]
[White "Bentsen, Øyvind"]
[Black "Machlik, Jon"]
[Result "1-0"]
[WhiteElo "2121"]
[BlackElo "1816"]
[PlyCount "75"]
[EventDate "2013.??.??"]

1. e4 e5 2. Nf3 Nc6 3. Bc4 Nf6 4. Ng5 d5 5. exd5 Na5 6. Bb5+ c6 7. dxc6 bxc6 8.
Qf3 Qc7 9. Ba4 Bg4 10. Qe3 h6 11. Ne4 Nd5 12. Qg3 f5 13. d4 Bh5 14. Nec3 O-O-O
15. dxe5 Nc4 16. O-O Nxe5 17. Nxd5 Rxd5 18. Bb3 Rd4 19. Be6+ Kb8 20. Bxf5 g5
21. f4 gxf4 22. Bxf4 Bd6 23. Qc3 Rc4 24. Qh3 Bg4 25. Bxg4 Nxg4 26. Qb3+ Rb4 27.
Qxb4+ Bxb4 28. Bxc7+ Kxc7 29. h3 Ne3 30. Rf7+ Kd6 31. Nc3 Rg8 32. g4 h5 33. Kf2
Nxc2 34. Rc1 Ke6 35. Rf4 Bc5+ 36. Ke2 Nd4+ 37. Kd3 Rd8 38. Re1+
1-0

[Event "Oslo Chess International - Håvard Vederhus' memorial"]
[Site "Ullevaal Stadion"]
[Date "2013.09.29"]
[Round "1"]
[White "Bjørn, Lasse E"]
[Black "Einarsen, Kenneth"]
[Result "0-1"]
[WhiteElo "1807"]
[BlackElo "2094"]
[PlyCount "60"]
[EventDate "2013.??.??"]

1. e4 d6 2. d4 Nf6 3. Nc3 g6 4. Nf3 Bg7 5. Be2 O-O 6. O-O Bg4 7. Be3 Nc6 8. Qd2
e5 9. d5 Ne7 10. a4 Ne8 11. a5 a6 12. Na4 Bxf3 13. Bxf3 f5 14. Qb4 Nf6 15. exf5
gxf5 16. Qxb7 Qd7 17. Qb3 Rab8 18. Qa2 f4 19. Bd2 e4 20. Be2 f3 21. gxf3 Qh3
22. Qa3 Ng4 23. fxg4 Rf3 24. Bc3 Ng6 25. Rfd1 Nf4 26. Bf1 Qxg4+ 27. Kh1 Rxf2
28. Rd2 Qf3+ 29. Kg1 Rxf1+ 30. Rxf1 Nh3#
0-1

[Event "Oslo Chess International - Håvard Vederhus' memorial"]
[Site "Ullevaal Stadion"]
[Date "2013.09.29"]
[Round "1"]
[White "Donchenko, Irina"]
[Black "Tangelder, Yonne"]
[Result "1-0"]
[WhiteElo "2083"]
[BlackElo "1804"]
[PlyCount "93"]
[EventDate "2013.??.??"]

1. d4 Nf6 2. Nf3 g6 3. c4 Bg7 4. Nc3 d5 5. cxd5 Nxd5 6. Qa4+ Nc6 7. Nxd5 Qxd5
8. e3 O-O 9. Bc4 Qh5 10. Bd2 e5 11. dxe5 Nxe5 12. Nxe5 Bxe5 13. Qb3 b6 14. Bd5
Rb8 15. Rc1 c5 16. Bc3 Bb7 17. Bxb7 Rxb7 18. Rd1 Bxc3+ 19. Qxc3 Qf5 20. Qd3 Qf6
21. Rd2 Rbb8 22. Qd6 Qxd6 23. Rxd6 Rbd8 24. Rxd8 Rxd8 25. Ke2 Kg7 26. g4 Kf6
27. f4 Ke6 28. h4 f5 29. g5 Rd7 30. h5 b5 31. hxg6 hxg6 32. Rh6 Rg7 33. Rh8 Kd6
34. Rb8 Kc6 35. Rf8 a5 36. Kd3 Rd7+ 37. Kc3 Rd6 38. a4 b4+ 39. Kc4 Kc7 40. Rf7+
Rd7 41. Rxd7+ Kxd7 42. Kxc5 Ke6 43. b3 Kd7 44. Kb5 Kd6 45. Kxa5 Kc5 46. Ka6 Kc6
47. a5
1-0

[Event "Oslo Chess International - Håvard Vederhus' memorial"]
[Site "Ullevaal Stadion"]
[Date "2013.09.29"]
[Round "1"]
[White "Andersen, Guttorm"]
[Black "Dulman, Egmond-Gabriel"]
[Result "1/2-1/2"]
[WhiteElo "1794"]
[BlackElo "2077"]
[PlyCount "109"]
[EventDate "2013.??.??"]

1. c4 e6 2. Nc3 Nf6 3. Nf3 d5 4. e3 c5 5. cxd5 exd5 6. d4 Nc6 7. Be2 Bg4 8. O-O
Bd6 9. dxc5 Bxc5 10. Qb3 O-O 11. Rd1 Be6 12. a3 Qe7 13. Qc2 h6 14. b4 Bb6 15.
Bb2 Rad8 16. Nb5 Ne4 17. Nbd4 Rfe8 18. Rac1 Bg4 19. Nxc6 bxc6 20. Ne5 Nxf2 21.
Nxg4 Nxg4 22. Bxg4 Bxe3+ 23. Kh1 Qh4 24. Bh3 g5 25. Bf5 Bxc1 26. Bh7+ Kf8 27.
Qc5+ Re7 28. Bf6 Rdd7 29. Bxe7+ Rxe7 30. g3 Qg4 31. Rxc1 Qf3+ 32. Kg1 Qe2 33.
Qf2 Qe5 34. Rf1 Kg7 35. Bd3 d4 36. Qf5 Qxf5 37. Bxf5 Re3 38. Rd1 Kf6 39. Bd7
Ke5 40. Bxc6 d3 41. Rd2 Kd4 42. Kf2 Re5 43. Ba4 Kc3 44. Rd1 Re2+ 45. Kf3 Rxh2
46. Rc1+ Kb2 47. Rd1 d2 48. Ke3 Kxa3 49. Be8 f5 50. Rxd2 f4+ 51. gxf4 gxf4+ 52.
Kd3 Rxd2+ 53. Kxd2 Kxb4 54. Ke2 a5 55. Kf3
1/2-1/2

[Event "Oslo Chess International - Håvard Vederhus' memorial"]
[Site "Ullevaal Stadion"]
[Date "2013.09.29"]
[Round "1"]
[White "Gonzàlez, Francisco Silva"]
[Black "Opasiak, Dustin Tennessee"]
[Result "0-1"]
[WhiteElo "2071"]
[BlackElo "1780"]
[PlyCount "106"]
[EventDate "2013.??.??"]

1. d4 Nf6 2. c4 c5 3. d5 b5 4. cxb5 a6 5. b6 g6 6. Nc3 Bg7 7. e4 d6 8. Nf3 Qxb6
9. Be2 O-O 10. Nd2 Nbd7 11. O-O a5 12. Bb5 Ba6 13. Nc4 Qc7 14. a4 Bxb5 15. Nxb5
Qd8 16. Re1 Nb6 17. Nxb6 Qxb6 18. Bd2 Ne8 19. Rb1 Nc7 20. Na3 Ra6 21. Nc4 Qa7
22. Bc3 Na8 23. Qc2 Nb6 24. Na3 Rc8 25. b3 Qd7 26. Bxg7 Kxg7 27. Nc4 Kg8 28. f4
Rb8 29. Na3 Qb7 30. Red1 Nd7 31. Nc4 Qb4 32. e5 Nb6 33. exd6 exd6 34. Nxd6 Qxf4
35. Nb5 Nd7 36. Re1 Rab6 37. Re7 Ne5 38. Qe2 Ng4 39. g3 Qg5 40. h4 Qxd5 41.
Qxg4 Rf6 42. Qe4 Qd2 43. Qe2 Qd5 44. Qe5 Qf3 45. Qe3 Qf5 46. Nc3 Rb4 47. Re5
Qc2 48. Rc1 Qxb3 49. Nd5 Rf3 50. Re8+ Kg7 51. Qe5+ f6 52. Qc7+ Kh6 53. Ne3 Rxe3
0-1

[Event "Oslo Chess International - Håvard Vederhus' memorial"]
[Site "Ullevaal Stadion"]
[Date "2013.09.29"]
[Round "1"]
[White "Kjølberg, Jens Hjorth"]
[Black "Bryn, Askild"]
[Result "1-0"]
[WhiteElo "2031"]
[BlackElo "2064"]
[PlyCount "103"]
[EventDate "2013.??.??"]

1. e4 d6 2. d4 Nd7 3. Nc3 e5 4. Nf3 Ngf6 5. Bc4 Be7 6. O-O O-O 7. Re1 c6 8. a4
Qc7 9. a5 Rb8 10. Ba2 b5 11. axb6 axb6 12. d5 b5 13. dxc6 Qxc6 14. Nd5 Nxd5 15.
Bxd5 Qc7 16. Be3 Nb6 17. Bxb6 Qxb6 18. Re3 Be6 19. Rea3 Rfc8 20. c3 Bxd5 21.
Qxd5 Qb7 22. Qxb7 Rxb7 23. Ra7 Rcb8 24. Rxb7 Rxb7 25. Ra8+ Bf8 26. Nd2 f6 27.
Nf1 Kf7 28. Ne3 b4 29. c4 b3 30. Kf1 g6 31. Ke2 Bh6 32. Kd3 Bxe3 33. fxe3 Ke6
34. Ra6 Ke7 35. Kc3 f5 36. exf5 gxf5 37. Ra3 Kd8 38. Rxb3 Rg7 39. g3 Kc7 40.
Ra3 Kb7 41. b4 h5 42. Ra2 h4 43. gxh4 Rg4 44. Rf2 f4 45. exf4 exf4 46. Rf3 Rxh4
47. h3 Kc7 48. Kd4 Kd7 49. Ke4 Ke6 50. b5 Kd7 51. Kf5 Rh8 52. Kg4
1-0

[Event "Oslo Chess International - Håvard Vederhus' memorial"]
[Site "Ullevaal Stadion"]
[Date "2013.09.29"]
[Round "1"]
[White "Huse, Sigurd Kjelsbøl"]
[Black "Moseng, Geir"]
[Result "0-1"]
[WhiteElo "1753"]
[BlackElo "2052"]
[PlyCount "86"]
[EventDate "2013.??.??"]

1. e4 e6 2. d4 d5 3. Nc3 Bb4 4. e5 c5 5. Bd2 Ne7 6. Nb5 Bxd2+ 7. Qxd2 O-O 8.
dxc5 Nd7 9. Nd6 Nxe5 10. Nf3 Nxf3+ 11. gxf3 b6 12. h4 bxc5 13. Nxc8 Nxc8 14.
O-O-O Rb8 15. Be2 Nb6 16. b3 Qf6 17. c3 a5 18. Qe3 a4 19. f4 axb3 20. axb3 Nd7
21. Kc2 Ra8 22. Rb1 Rfb8 23. Rb2 d4 24. cxd4 cxd4 25. Qf3 Rc8+ 26. Kb1 Qf5+ 27.
Bd3 Qa5 28. Bc4 Nb6 29. Kc1 Nxc4 30. bxc4 Rxc4+ 31. Rc2 Qa1+ 32. Kd2 Rxc2+ 33.
Kxc2 Ra2+ 34. Kb3 Qb2+ 35. Kc4 Ra4+ 36. Kc5 Qb4+ 37. Kc6 Ra6+ 38. Kc7 Qe7+ 39.
Kb8 Qd8+ 40. Kb7 Qa8+ 41. Kc7 Qxf3 42. Rb1 Qc6+ 43. Kb8 Ra8#
0-1

[Event "Oslo Chess International - Håvard Vederhus' memorial"]
[Site "Ullevaal Stadion"]
[Date "2013.09.29"]
[Round "1"]
[White "Palsson, Halldor"]
[Black "Roholdt, Njaal"]
[Result "1-0"]
[WhiteElo "2051"]
[BlackElo "1749"]
[PlyCount "37"]
[EventDate "2013.??.??"]

1. d4 Nf6 2. c4 e6 3. Nf3 d5 4. Nc3 Be7 5. g3 O-O 6. cxd5 exd5 7. Bg2 Nc6 8.
Ne5 Nb4 9. O-O Bf5 10. a3 Na6 11. Qb3 c5 12. Qxb7 Nc7 13. Nc6 Qd7 14. Bf4 Bd6
15. Bxd6 Qxd6 16. dxc5 Qd7 17. e4 Be6 18. exd5 Nfxd5 19. Nxd5
1-0

[Event "Oslo Chess International - Håvard Vederhus' memorial"]
[Site "Ullevaal Stadion"]
[Date "2013.09.29"]
[Round "1"]
[White "Hølleland, Sigve"]
[Black "Omtvedt, Per"]
[Result "1/2-1/2"]
[WhiteElo "1741"]
[BlackElo "2018"]
[PlyCount "96"]
[EventDate "2013.??.??"]

1. d4 d5 2. c4 c6 3. Nf3 Nf6 4. Nc3 dxc4 5. a4 Bf5 6. e3 e6 7. Bxc4 Bb4 8. O-O
Nbd7 9. Bd2 a5 10. Rc1 O-O 11. Ne2 Qb6 12. Bxb4 Qxb4 13. Qb3 Qxb3 14. Bxb3 Ra6
15. Bc4 Rb6 16. b3 Nd5 17. Ng3 Bg6 18. e4 Nf4 19. Rfd1 Nf6 20. Ne5 Rd8 21. f3
Rb4 22. Nf1 Nd7 23. g3 Nh5 24. h4 Nhf6 25. g4 Kf8 26. Nxd7+ Rxd7 27. h5 Bxe4
28. fxe4 Nxe4 29. Ne3 b5 30. axb5 cxb5 31. Nc2 Nc3 32. Nxb4 Nxd1 33. Rxd1 bxc4
34. Nc6 cxb3 35. Nxa5 Rd5 36. Nxb3 Rg5 37. Kh2 Rxg4 38. Kh3 Rg5 39. Kh4 h6 40.
Nc5 Rd5 41. Nb3 e5 42. Rd2 exd4 43. Rxd4 Rxd4+ 44. Nxd4 g6 45. Nf3 Kg7 46. hxg6
fxg6 47. Ne5 Kf6 48. Nxg6 Kxg6
1/2-1/2

[Event "Oslo Chess International - Håvard Vederhus' memorial"]
[Site "Ullevaal Stadion"]
[Date "2013.09.29"]
[Round "1"]
[White "Torgersen, Terje"]
[Black "Olsen, Ulrik"]
[Result "1-0"]
[WhiteElo "1977"]
[BlackElo "1731"]
[PlyCount "75"]
[EventDate "2013.??.??"]

1. e4 e5 2. Nf3 Nc6 3. Bb5 a6 4. Ba4 Nf6 5. d4 exd4 6. O-O Bc5 7. e5 Nd5 8. c3
d3 9. Qxd3 Nb6 10. Bc2 d6 11. b4 Bxb4 12. cxb4 Nxb4 13. Qd2 Nxc2 14. Qxc2 Be6
15. Bg5 Qd7 16. exd6 cxd6 17. Qb2 f6 18. Qxb6 fxg5 19. Nxg5 O-O 20. Nxe6 Qxe6
21. Qb3 Qxb3 22. axb3 Rac8 23. Nd2 Rfd8 24. Rac1 Rxc1 25. Rxc1 d5 26. Rc7 d4
27. f3 d3 28. Kf2 Re8 29. Ne4 b5 30. Rd7 a5 31. Rxd3 a4 32. bxa4 bxa4 33. Ra3
Ra8 34. Nc3 Rd8 35. Rxa4 Rd2+ 36. Kg3 Rd3 37. Ne4 Rd8 38. Ra7
1-0

[Event "Oslo Chess International - Håvard Vederhus' memorial"]
[Site "Ullevaal Stadion"]
[Date "2013.09.29"]
[Round "1"]
[White "Amarapala, Sherington"]
[Black "Khachatourian, Yerazik"]
[Result "0-1"]
[WhiteElo "1714"]
[BlackElo "1972"]
[PlyCount "46"]
[EventDate "2013.??.??"]

1. e4 e5 2. Nf3 Nf6 3. Nc3 Bb4 4. d3 d5 5. exd5 Qxd5 6. Bd2 Bxc3 7. Bxc3 Nc6 8.
Be2 Bd7 9. O-O O-O 10. Re1 Rfe8 11. Nd2 a5 12. Bf3 Qb5 13. a4 Qc5 14. Ne4 Nxe4
15. Rxe4 Nd4 16. Bxd4 exd4 17. Rxe8+ Rxe8 18. Qd2 b6 19. b3 Kf8 20. Kf1 Qe5 21.
g3 Bh3+ 22. Bg2 Qd5 23. f3 Qxf3+
0-1

[Event "Oslo Chess International - Håvard Vederhus' memorial"]
[Site "Ullevaal Stadion"]
[Date "2013.09.29"]
[Round "1"]
[White "Wahlstedt, Mats"]
[Black "Moberg, Jan Rune"]
[Result "1/2-1/2"]
[WhiteElo "1966"]
[BlackElo "1714"]
[PlyCount "118"]
[EventDate "2013.??.??"]

1. e4 e5 2. Nf3 d6 3. d4 Nd7 4. Nc3 c6 5. a4 Be7 6. Be2 Ngf6 7. O-O O-O 8. Re1
Qc7 9. Bf1 Re8 10. h3 Nf8 11. Be3 Ng6 12. g3 Bf8 13. Bg2 h6 14. Nd2 Bd7 15.
dxe5 dxe5 16. Qe2 b6 17. Nb3 Be6 18. a5 Nd7 19. Red1 Bb4 20. axb6 Nxb6 21. Na2
Be7 22. Nc5 Bxc5 23. Bxc5 Nc4 24. b3 Nb6 25. Nc3 Rad8 26. Qe3 Rxd1+ 27. Nxd1
Ne7 28. Nc3 Nec8 29. Bf1 Rd8 30. Kh2 f5 31. Bd3 f4 32. Qf3 Qf7 33. Rd1 Rd7 34.
Ba6 fxg3+ 35. Qxg3 Rxd1 36. Nxd1 Qf4 37. Qxf4 exf4 38. Bb7 Bd7 39. Nb2 Kf7 40.
Nd3 g5 41. Ne5+ Ke6 42. Nxd7 Kxd7 43. Bf8 Nd6 44. f3 Nxb7 45. Bxh6 Ke6 46. Bxg5
Ke5 47. h4 Nc5 48. Kh3 Ne6 49. Kg4 Nd7 50. h5 Ndf8 51. Be7 Nh7 52. Ba3 Nf6+ 53.
Kh4 Ng8 54. Bb2+ Kd6 55. Kg4 Nh6+ 56. Kh4 Ke7 57. Bc1 Nf7 58. Bb2 Nh6 59. Bc1
Nf7
1/2-1/2

[Event "Oslo Chess International - Håvard Vederhus' memorial"]
[Site "Ullevaal Stadion"]
[Date "2013.09.29"]
[Round "1"]
[White "Torgersen, Markus"]
[Black "Egeland, Finn"]
[Result "0-1"]
[WhiteElo "1699"]
[BlackElo "1962"]
[PlyCount "70"]
[EventDate "2013.??.??"]

1. d4 d5 2. c4 e6 3. Nc3 Nf6 4. cxd5 exd5 5. Bg5 Nbd7 6. e3 Be7 7. Bd3 O-O 8.
Qc2 b6 9. Nge2 Bb7 10. O-O-O c5 11. Kb1 a6 12. f3 c4 13. Bf5 b5 14. Nf4 Re8 15.
e4 dxe4 16. fxe4 Nxe4 17. Nxe4 Bxg5 18. Nxg5 Qxg5 19. Nh3 Qe3 20. Bxh7+ Kh8 21.
Ka1 Nf6 22. Bf5 b4 23. Qxc4 Bd5 24. Qc1 g6 25. Bd3 Bxg2 26. Rhg1 Qxc1+ 27. Rxc1
Bxh3 28. Rc6 Re6 29. Rc7 Rae8 30. b3 Re1+ 31. Rxe1 Rxe1+ 32. Kb2 Be6 33. Bxa6
Rh1 34. a4 bxa3+ 35. Kxa3 Ra1+
0-1

[Event "Oslo Chess International - Håvard Vederhus' memorial"]
[Site "Ullevaal Stadion"]
[Date "2013.09.29"]
[Round "1"]
[White "Machlik, Monika"]
[Black "Machlik, Endre"]
[Result "1-0"]
[WhiteElo "1947"]
[BlackElo "1692"]
[PlyCount "79"]
[EventDate "2013.??.??"]

1. d4 d5 2. c4 c6 3. Nc3 Nf6 4. e3 e6 5. Nf3 Nbd7 6. Qc2 Bd6 7. b3 O-O 8. Be2
b6 9. O-O Bb7 10. Bb2 Rc8 11. e4 e5 12. exd5 cxd5 13. Nb5 Bb8 14. dxe5 Ng4 15.
Qf5 Nh6 16. Qh5 dxc4 17. Bxc4 Bxf3 18. gxf3 a6 19. Na3 b5 20. Be2 Rc5 21. f4 f6
22. b4 Rd5 23. Bf3 Rd2 24. Bc1 Rd4 25. e6 Nb6 26. Be3 Rd3 27. Bxb6 Qe8 28. Nc2
Qxe6 29. Bc5 Rfd8 30. Nd4 Qd7 31. Nc6 Bxf4 32. Nxd8 g6 33. Qh4 Rxf3 34. Rfd1
Qf5 35. Re1 Be5 36. Qxh6 Qg4+ 37. Kh1 Qg2+ 38. Kxg2 Rxf2+ 39. Kxf2 Bg3+ 40.
Kxg3
1-0

[Event "Oslo Chess International - Håvard Vederhus' memorial"]
[Site "Ullevaal Stadion"]
[Date "2013.09.29"]
[Round "1"]
[White "Yilmaz, Kazim"]
[Black "Carlsen, Ellen Øen"]
[Result "0-1"]
[WhiteElo "1683"]
[BlackElo "1945"]
[PlyCount "56"]
[EventDate "2013.??.??"]

1. e4 c5 2. Nf3 Nc6 3. d4 cxd4 4. Nxd4 Nf6 5. Nc3 e6 6. Ndb5 d6 7. Bg5 a6 8.
Bxf6 gxf6 9. Nd4 Qb6 10. Nb3 Be7 11. h3 Bd7 12. Be2 Rg8 13. Bf3 Ne5 14. Qd4 Qc7
15. O-O-O b5 16. Kb1 a5 17. Be2 Rb8 18. f4 Nc6 19. Qf2 Nb4 20. a3 Nxc2 21. Kxc2
b4 22. axb4 axb4 23. Ra1 bxc3 24. bxc3 Qb7 25. Nd2 Qb2+ 26. Kd3 Bb5+ 27. c4
Bxc4+ 28. Nxc4 Rb3#
0-1

[Event "Oslo Chess International - Håvard Vederhus' memorial"]
[Site "Ullevaal Stadion"]
[Date "2013.09.29"]
[Round "1"]
[White "Lien, Kjell Håkon"]
[Black "Keadana, Amir"]
[Result "1-0"]
[WhiteElo "1939"]
[BlackElo "1662"]
[PlyCount "77"]
[EventDate "2013.??.??"]

1. e4 e6 2. d4 d5 3. Nd2 dxe4 4. Nxe4 Bd7 5. Nf3 Bc6 6. Bd3 Nd7 7. O-O Ngf6 8.
Ng3 Be7 9. c3 O-O 10. Qe2 Bxf3 11. Qxf3 c6 12. Bc2 Qb6 13. Re1 a5 14. Rb1 c5
15. Be3 Nd5 16. dxc5 Bxc5 17. Bxc5 Nxc5 18. Ne4 Rab8 19. Qh3 Nxe4 20. Rxe4 Nf6
21. Rf4 Rfd8 22. Rh4 g6 23. Qg3 Rbc8 24. Qg5 Rxc3 25. Qxf6 Rxc2 26. Rf4 Qc7 27.
h4 Rc1+ 28. Rxc1 Qxc1+ 29. Kh2 Qc7 30. h5 Rd4 31. Qxd4 e5 32. Qc4 Qe7 33. Re4
Qg5 34. hxg6 hxg6 35. g3 Qd2 36. Re2 Qh6+ 37. Qh4 Qg7 38. Rd2 Qf8 39. Rd8
1-0

[Event "Oslo Chess International - Håvard Vederhus' memorial"]
[Site "Ullevaal Stadion"]
[Date "2013.09.29"]
[Round "1"]
[White "Mørkedal, Øyvind"]
[Black "Harstad, Christian"]
[Result "0-1"]
[WhiteElo "1649"]
[BlackElo "1917"]
[PlyCount "60"]
[EventDate "2013.??.??"]

1. e4 e5 2. Nf3 Nc6 3. Bb5 a6 4. Ba4 Nf6 5. O-O Be7 6. Re1 b5 7. Bb3 O-O 8. h3
Bb7 9. c3 d5 10. exd5 Nxd5 11. Nxe5 Nxe5 12. Rxe5 Nf4 13. d4 Nxg2 14. Qg4 Nh4
15. Nd2 Ng6 16. Rh5 Re8 17. Nf3 Qc8 18. Rf5 Bf6 19. Bg5 Re4 20. Bf4 Nxf4 21.
Rxf4 Qxg4+ 22. Rxg4 Rxg4+ 23. hxg4 Bxf3 24. Kh2 Bxg4 25. Re1 Kf8 26. Kg3 Bd7
27. Bd5 Rb8 28. Rh1 h6 29. b4 Be6 30. Rh5 g6
0-1

[Event "Oslo Chess International - Håvard Vederhus' memorial"]
[Site "Ullevaal Stadion"]
[Date "2013.09.29"]
[Round "1"]
[White "Nilsen, Martin"]
[Black "Jacobsen, Trond"]
[Result "1-0"]
[WhiteElo "1904"]
[BlackElo "1642"]
[PlyCount "57"]
[EventDate "2013.??.??"]

1. e4 c5 2. c3 d6 3. d4 cxd4 4. cxd4 g6 5. Nf3 Bg4 6. Bc4 e6 7. Nc3 a6 8. Be3
Bg7 9. Rc1 Nf6 10. h3 Bxf3 11. Qxf3 Nc6 12. d5 Ne5 13. Qe2 Nxc4 14. Qxc4 b5 15.
Qc6+ Ke7 16. e5 Ne8 17. dxe6 fxe6 18. Bg5+ Nf6 19. exf6+ Bxf6 20. Qb7+ Kf8 21.
Bxf6 Qxf6 22. Qxa8+ Kg7 23. Qf3 Qe5+ 24. Qe3 Qf5 25. O-O Rf8 26. Ne4 d5 27.
Rc7+ Kg8 28. Qh6 Qh5 29. Qg7#
1-0

[Event "Oslo Chess International - Håvard Vederhus' memorial"]
[Site "Ullevaal Stadion"]
[Date "2013.09.29"]
[Round "1"]
[White "Aure, Anders Nilsson"]
[Black "Duijker, Bert"]
[Result "0-1"]
[WhiteElo "1622"]
[BlackElo "1898"]
[PlyCount "72"]
[EventDate "2013.??.??"]

1. c4 g6 2. g3 Bg7 3. Bg2 e5 4. Nc3 Ne7 5. Nf3 c6 6. d4 exd4 7. Nxd4 d5 8. cxd5
cxd5 9. O-O O-O 10. e3 Nbc6 11. Nde2 Bg4 12. Qb3 Na5 13. Qb4 Bxe2 14. Nxe2 Rb8
15. Nc3 Nac6 16. Qc5 Bxc3 17. Qxc3 Qa5 18. Bd2 Qxc3 19. Bxc3 f5 20. Rfd1 Rfd8
21. a3 Kf7 22. Rac1 Ke6 23. Kf1 h5 24. f4 Rd7 25. b4 a6 26. Bb2 Rf8 27. Rc5 Na7
28. Rc2 Nb5 29. a4 Nd6 30. Be5 Nc4 31. Bd4 b5 32. a5 Rc8 33. Rdc1 Nc6 34. Bc5
Nxb4 35. Re2 Nd3 36. Rd1 Nxc5
0-1

[Event "Oslo Chess International - Håvard Vederhus' memorial"]
[Site "Ullevaal Stadion"]
[Date "2013.09.29"]
[Round "1"]
[White "Jørgensen, Line Jin"]
[Black "Tveten, Per"]
[Result "1-0"]
[WhiteElo "1892"]
[BlackElo "1612"]
[PlyCount "73"]
[EventDate "2013.??.??"]

1. d4 Nf6 2. Nf3 d5 3. c4 c6 4. Nc3 Bf5 5. cxd5 cxd5 6. Qb3 Qb6 7. Nxd5 Nxd5 8.
Qxd5 e6 9. Qb3 Bb4+ 10. Bd2 Nc6 11. e3 O-O 12. a3 Ba5 13. Qxb6 Bxb6 14. Bc3 Na5
15. Nd2 Rac8 16. Be2 Bc2 17. Rc1 Bb3 18. O-O Rc6 19. Bxa5 Ba2 20. Bxb6 Rxb6 21.
b4 f6 22. Rc2 Bd5 23. Rfc1 Rd8 24. Bc4 e5 25. dxe5 fxe5 26. Bxd5+ Rxd5 27. Kf1
a5 28. Nc4 Rh6 29. Nxa5 Rxh2 30. Nxb7 Rd3 31. a4 Rb3 32. b5 h5 33. Nd6 Ra3 34.
Kg1 Rh4 35. b6 Raxa4 36. b7 Rab4 37. Rc8+
1-0

[Event "Oslo Chess International - Håvard Vederhus' memorial"]
[Site "Ullevaal Stadion"]
[Date "2013.09.29"]
[Round "1"]
[White "Lie, Terje"]
[Black "Lindblom, Roar"]
[Result "0-1"]
[WhiteElo "1596"]
[BlackElo "1877"]
[PlyCount "98"]
[EventDate "2013.??.??"]

1. d4 d5 2. c4 c6 3. Nc3 Nf6 4. Nf3 dxc4 5. a4 Bf5 6. e3 e6 7. Bxc4 Bb4 8. O-O
O-O 9. Bd2 Nbd7 10. Na2 Bxd2 11. Nxd2 Nb6 12. Bb3 a5 13. Nc3 Bg6 14. Bc2 Bxc2
15. Qxc2 Nbd5 16. Nde4 Nb4 17. Nxf6+ Qxf6 18. Qd2 Rfd8 19. Na2 Nxa2 20. Rxa2 c5
21. Rd1 cxd4 22. exd4 Rd5 23. Ra3 Rad8 24. Rd3 e5 25. f3 exd4 26. b4 b6 27. Rc1
axb4 28. Qxb4 g6 29. Rc7 Qe5 30. Rc6 R5d6 31. Rc1 Qe2 32. Rcd1 h5 33. h3 Rc6
34. Qd2 Qxd2 35. R1xd2 Rc4 36. Ra2 Rb4 37. Kf2 Ra8 38. Rda3 Kg7 39. Ke2 Kf6 40.
a5 bxa5 41. Rxa5 Rxa5 42. Rxa5 Rb2+ 43. Kf1 Ke6 44. g3 d3 45. f4 Rb1+ 46. Kf2
d2 47. Ra6+ Ke7 48. Ra7+ Kf8 49. g4 d1=Q
0-1

[Event "Oslo Chess International - Håvard Vederhus' memorial"]
[Site "Ullevaal Stadion"]
[Date "2013.09.29"]
[Round "1"]
[White "Sivaranjan, Aschmirthan"]
[Black "Grønn, Eskil Ekeland"]
[Result "0-1"]
[WhiteElo "1568"]
[BlackElo "1866"]
[PlyCount "180"]
[EventDate "2013.??.??"]

1. e4 c5 2. Nf3 d6 3. d4 cxd4 4. Nxd4 Nf6 5. Nc3 Nc6 6. Be2 g6 7. Be3 Bg7 8. f3
O-O 9. Qd2 a6 10. O-O Nxd4 11. Bxd4 Be6 12. Nd5 Nxd5 13. Bxg7 Kxg7 14. exd5
Qb6+ 15. Kh1 Bf5 16. c4 Rfc8 17. b4 Rab8 18. a4 Qd8 19. Qd4+ Kg8 20. Rfd1 Qe8
21. Rdc1 Bd7 22. a5 Qd8 23. c5 dxc5 24. bxc5 e6 25. c6 Bxc6 26. d6 Bd5 27. Qb6
Qxb6 28. axb6 Rd8 29. Rc7 Rxd6 30. Rb1 Rc6 31. Rxc6 Bxc6 32. Rc1 Rd8 33. Kg1
Rd6 34. Rb1 Kf8 35. Bxa6 bxa6 36. b7 Bxb7 37. Rxb7 a5 38. Ra7 Rd5 39. Kf2 Kg7
40. Ke3 Kf6 41. f4 h5 42. h4 Rb5 43. g3 Rb3+ 44. Kf2 Ra3 45. Kg2 Ra1 46. Kf2 a4
47. Kg2 a3 48. Kf2 a2 49. Kg2 Kf5 50. Rxf7+ Kg4 51. Ra7 Rb1 52. Rxa2 Rb3 53.
Re2 Rxg3+ 54. Kf2 Rf3+ 55. Kg2 Rxf4 56. Rxe6 Kf5 57. Rc6 Rxh4 58. Rc5+ Kg4 59.
Rc4+ Kg5 60. Rc5+ Kh6 61. Kg3 Rg4+ 62. Kh3 Rg5 63. Rc6 Re5 64. Kh4 Re4+ 65. Kh3
Kg5 66. Rc5+ Kf4 67. Kh4 Kf3+ 68. Kh3 Rg4 69. Rc3+ Ke2 70. Rc2+ Kd3 71. Rc6 g5
72. Rc5 Ke3 73. Rc3+ Kd4 74. Ra3 Re4 75. Ra4+ Ke3 76. Ra7 Kf3 77. Ra3+ Re3 78.
Ra5 Kf4+ 79. Kg2 h4 80. Ra4+ Re4 81. Ra5 g4 82. Ra2 h3+ 83. Kh2 Kf3 84. Ra3+
Re3 85. Ra1 Re2+ 86. Kh1 g3 87. Ra3+ Kf2 88. Ra1 Re1+ 89. Rxe1 Kxe1 90. Kg1 h2+
0-1

[Event "Oslo Chess International - Håvard Vederhus' memorial"]
[Site "Ullevaal Stadion"]
[Date "2013.09.29"]
[Round "1"]
[White "Johansen, Torbjørn Reidar"]
[Black "Wærstad, Leif E"]
[Result "1-0"]
[WhiteElo "1855"]
[BlackElo "1538"]
[PlyCount "73"]
[EventDate "2013.??.??"]

1. e4 c5 2. Nf3 Nc6 3. d4 cxd4 4. Nxd4 Nf6 5. Nc3 e6 6. Bg5 Be7 7. Ndb5 O-O 8.
Nd6 a6 9. f4 Qa5 10. Bxf6 Bxf6 11. e5 Be7 12. Nc4 Qc7 13. Bd3 f5 14. exf6 Rxf6
15. O-O d5 16. Ne3 Bc5 17. Qe2 Bxe3+ 18. Qxe3 Bd7 19. Ne2 Raf8 20. Rae1 e5 21.
fxe5 Nxe5 22. Rxf6 Rxf6 23. Qg3 Qd6 24. Nd4 Nxd3 25. Qxd3 Qb6 26. Kh1 Qb4 27.
Rb1 Qf8 28. Nf3 Bc6 29. h3 h6 30. Nd4 Bd7 31. c3 b5 32. Re1 Rf2 33. Qe3 Rxb2
34. Qe7 Bc8 35. Qc7 Rxa2 36. Qc6 Rf2 37. Re8
1-0

[Event "Oslo Chess International - Håvard Vederhus' memorial"]
[Site "Ullevaal Stadion"]
[Date "2013.09.29"]
[Round "1"]
[White "Endresen, Ola Torstein"]
[Black "Andersen, Dag"]
[Result "0-1"]
[WhiteElo "1485"]
[BlackElo "1852"]
[PlyCount "54"]
[EventDate "2013.??.??"]

1. d4 Nf6 2. Nc3 e6 3. Bg5 d5 4. e4 dxe4 5. Nxe4 Be7 6. Bxf6 Bxf6 7. Nf3 O-O 8.
c3 Be7 9. Bd3 b6 10. Qe2 Bb7 11. O-O-O a5 12. h4 Ba6 13. c4 Nd7 14. g4 Re8 15.
g5 Qc8 16. g6 fxg6 17. Neg5 Bxg5+ 18. hxg5 Bb7 19. Rh4 c5 20. Rdh1 Nf8 21. Be4
cxd4 22. Bxb7 Qxb7 23. Nxd4 Rac8 24. Nb5 Qd7 25. Rd1 Qxb5 26. Rg1 Qf5 27. Rgg4
e5
0-1

[Event "Oslo Chess International - Håvard Vederhus' memorial"]
[Site "Ullevaal Stadion"]
[Date "2013.09.29"]
[Round "1"]
[White "Kverndal, Leif"]
[Black "Hjelle, Øyvind"]
[Result "1/2-1/2"]
[WhiteElo "1851"]
[BlackElo "1413"]
[PlyCount "55"]
[EventDate "2013.??.??"]

1. d4 d5 2. Nf3 Nf6 3. c4 c6 4. b3 Bf5 5. g3 e6 6. Bg2 Bb4+ 7. Bd2 a5 8. O-O
Nbd7 9. a3 Bxd2 10. Nbxd2 O-O 11. Nh4 Bg4 12. h3 Bh5 13. Nhf3 Rc8 14. g4 Bg6
15. Ne5 Nxe5 16. dxe5 Nd7 17. f4 Qb6+ 18. Kh2 f6 19. f5 Bf7 20. exf6 Nxf6 21.
g5 Nh5 22. e4 Qc7+ 23. Kg1 exf5 24. exd5 Ng3 25. Re1 Bh5 26. Bf3 g6 27. Bxh5
Nxh5 28. Qf3
1/2-1/2

[Event "Oslo Chess International - Håvard Vederhus' memorial"]
[Site "Ullevaal Stadion"]
[Date "2013.09.29"]
[Round "1"]
[White "Lien, Johan"]
[Black "Rygg, Snorre"]
[Result "0-1"]
[WhiteElo "1398"]
[BlackElo "1844"]
[PlyCount "92"]
[EventDate "2013.??.??"]

1. e4 c5 2. Nf3 d6 3. d4 cxd4 4. Nxd4 Nf6 5. Nc3 g6 6. Nf3 Bg7 7. Bc4 O-O 8.
O-O a6 9. h3 b5 10. Bb3 Bb7 11. Re1 Nc6 12. Nd5 Na5 13. Nxf6+ Bxf6 14. e5 Bxf3
15. Qxf3 Bxe5 16. Bh6 Nxb3 17. axb3 Re8 18. c3 b4 19. Ra4 bxc3 20. bxc3 a5 21.
h4 Rc8 22. c4 Bf6 23. Qg4 Qb6 24. Re3 Qc5 25. h5 Qd4 26. Qxd4 Bxd4 27. Rg3 Rc5
28. hxg6 hxg6 29. Be3 Bxe3 30. Rxe3 Kf8 31. Rd3 Rb8 32. Ra3 Rb4 33. Rc3 d5 34.
Kf1 d4 35. Rd3 e5 36. f3 Ke7 37. g4 Rb6 38. Kf2 Rd6 39. Kg3 f5 40. g5 e4 41.
Rd1 e3 42. Ra2 d3 43. Re1 d2 44. Rxe3+ Kd7 45. Rxd2 Rxd2 46. f4 Rd6
0-1